[Event "Dortmund"]
[Site "Dortmund"]
[Date "1994.??.??"]
[Round "1"]
[White "Adams, Michael"]
[Black "Karpov, Anatoly"]
[Result "1-0"]
[WhiteElo "2675"]
[BlackElo "2740"]
[Annotator "Blatny,P"]
[PlyCount "117"]
[EventDate "1994.07.??"]
[EventType "tourn"]
[EventRounds "9"]
[EventCountry "GER"]
[EventCategory "16"]
[SourceTitle "CBM 042"]
[Source "ChessBase"]
[SourceDate "1994.10.01"]
[SourceVersion "1"]
[SourceVersionDate "1994.10.01"]
[SourceQuality "1"]

1. e4 {Ftacnik} c6 2. d4 d5 3. Nd2 dxe4 4. Nxe4 Nd7 5. Nf3 Ngf6 6. Ng3 e6 7.
Bd3 c5 8. O-O Be7 (8... cxd4 {Ftacnik} 9. Nxd4 Bc5) 9. Qe2 O-O 10. Rd1 Qc7 11.
c4 Re8 12. dxc5 Nxc5 (12... Bxc5 {Ftacnik} 13. Ne4 b6 14. Nxc5 bxc5 $132) 13.
Bc2 Ncd7 14. Ng5 Nf8 15. N3e4 Bd7 16. Nxf6+ Bxf6 17. Qd3 Bxg5 (17... g6 $5) (
17... Bc6 {Ftacnik} 18. Nxh7) 18. Bxg5 Rac8 (18... Qe5 19. Qd2 Bc6 20. b3 f6
21. Be3 Rad8 22. Qe2 Ng6 23. Rxd8 Rxd8 24. Rd1 Re8 25. f3 a6 26. Qf2 Qc7 27. h4
$14 {_|_ Tiviakov-Adams (9)/PCA-WchQual4 New York/1994/}) 19. Rac1 (19. b3 b5 {
<->c}) 19... Qe5 (19... Qxc4 $2 20. Qxc4 Rxc4 21. Bxh7+ Kxh7 (21... Nxh7 22.
Rxc4 Nxg5 (22... Bb5 23. Rc5 $18) 23. Rxd7 $18) 22. Rxc4 $18) 20. Qd2 $14 {^^}
Bc6 21. b4 $1 b6 22. Bf4 Qf6 23. Bg5 Qe5 24. Re1 Qb8 25. a4 Ng6 26. f3 Bb7 27.
Bb1 h6 28. Be3 e5 29. Qf2 e4 30. f4 Qd6 31. Qd2 (31. c5 {Ftacnik} bxc5 32. Bxc5
Qxf4 $132) 31... Qf6 32. b5 Nh4 33. a5 $1 bxa5 (33... Nf5 $142 34. c5 Nxe3 35.
Qxe3 bxc5 36. Rxc5 $16) (33... Red8 $1 {Ftacnik} 34. Qf2 Rd3 $1 $132 35. axb6
$140 axb6 36. Bxb6 Nf3+ 37. gxf3 Rxf3) 34. c5 $16 a6 35. c6 Ba8 36. Bd4 Qd8 (
36... Qg6 $1 {Ftacnik} 37. Qf2 (37. Re3 Nf5) (37. Rc3 Nf5 38. Bxe4 Rxe4 $1 39.
Rxe4 axb5 $132) 37... Nf5 (37... Nf3+ 38. Qxf3 exf3 39. Rxe8+ Rxe8 40. Bxg6
fxg6 41. bxa6 $16) 38. Rxe4 Rxe4 39. Bxe4 axb5 $13) 37. Rxe4 axb5 38. c7 $1 Qd7
(38... Rxc7 $4 39. Rxe8+ $18) 39. Rxe8+ Rxe8 (39... Qxe8 {Ftacnik} 40. Bf2 Nxg2
41. Bf5) 40. Qd3 Ng6 (40... g6 41. Bf2 $1 Qg4 (41... Qxd3 42. Bxd3 $18 {
פh4,c8Q}) 42. Qg3 $18) 41. Bf2 Bc6 (41... Nxf4 $4 42. Qh7+ Kf8 43. Bc5+ Re7
44. Qh8#) (41... Qxd3 42. Bxd3 Rc8 43. Bxb5 Bb7 (43... Nf8 44. Ba6 $18) 44. Bd7
$18) 42. Qxd7 Bxd7 43. Rd1 Nf8 44. f5 (44. Bc5 Bg4 $1 45. Rd8 Re1+ 46. Kf2 Rxb1
47. Rxf8+ Kh7 48. c8=Q Bxc8 49. Rxc8 $13 (49. Rxc8 {Ftacnik} b4 $132)) 44...
Rc8 45. Bg3 b4 46. Bd6 Nh7 (46... a4 47. Bxf8 Kxf8 48. Rxd7 Ke8 49. Rd4 Rxc7
50. Rxb4 a3 51. Kf2 a2 52. Re4+ $18 {/\53.Ba2 Rc2 54.Re2 +-}) 47. Be4 Nf6 48.
Bb7 Re8 49. Be5 $1 Bxf5 (49... Rxe5 50. Rxd7 $18) 50. Rd8 Kh7 (50... Rf8 51.
Bd6 $18) 51. Rxe8 (51. Bxf6 $142 Re1+ 52. Kf2 Rc1 53. c8=Q Rxc8 (53... Bxc8 54.
Be4+ $1 $18) 54. Bxc8 $18) 51... Nxe8 52. Be4 $1 $18 Nxc7 53. Bxf5+ g6 54. Bxc7
gxf5 55. Bxa5 b3 56. Bc3 Kg6 57. Kf2 Kg5 58. Kf3 h5 59. h4+ $1 (59. h4+ {
Ftacnik} Kxh4 60. Bf6#) 1-0

[Event "Dortmund SuperGM 24th"]
[Site "Dortmund"]
[Date "1996.07.10"]
[Round "5"]
[White "Topalov, Veselin"]
[Black "Adams, Michael"]
[Result "0-1"]
[WhiteElo "2750"]
[BlackElo "2685"]
[Annotator "Ribli,Z"]
[PlyCount "118"]
[EventDate "1996.07.05"]
[EventType "tourn"]
[EventRounds "9"]
[EventCountry "GER"]
[EventCategory "18"]
[SourceTitle "CBM 054"]
[Source "ChessBase"]
[SourceDate "1996.10.01"]
[SourceVersion "1"]
[SourceVersionDate "1996.10.01"]
[SourceQuality "1"]

1. Nf3 {Hecht Baburin Fritz} d6 2. d4 Bg4 3. c4 Nd7 4. e4 Bxf3 $5 (4... e5) 5.
Qxf3 g6 6. Nc3 Bg7 7. Qd1 c5 (7... c6 8. Be3 a6 9. Be2 b5 10. a3 Ngf6 11. cxb5
cxb5 12. O-O O-O 13. Qd2 Nb6 14. b3 Qb8 15. f3 Rc8 16. Rfc1 e6 $13 {
Supatashvili,K-Minasian,A/Ankara zt/1995/EXP49/}) 8. d5 $6 (8. Be3 $5) 8...
Bxc3+ {Baburin: Another good example of this strategic idea!} 9. bxc3 Ngf6 10.
f3 Qa5 11. Qb3 O-O-O {Baburin: The black king is perfectly safe on the king
side, and the text enables him to play on the opposite wing and in the centre.
Der strategische Vorteil ist auf der Seite des Nachziehenden} 12. Be2 Rdg8 13.
Rb1 {Weiß hat das Läuferpaar, aber das ist nicht gut in solchen geschlossenen
Stellungen.} Qc7 14. Be3 Kb8 15. Qc2 g5 16. O-O Rg6 17. Rb2 Ka8 $1 18. Rfb1 Rb8
{Großmeisterlich gespielt! Nach 18...b6 kommt Weiß mit 19.a4 und nach 19...a5
hat er noch nichts Konkretes, aber später können sich die Schwächungen zeigen.}
19. Kh1 h5 20. Qd2 g4 21. Qc2 {Diese Stellung erinnert mich an die Partie
Spassky,B-Fischer,R, Reykjavik,1972.} gxf3 22. gxf3 Ne5 23. f4 $1 {Fritz: 18"}
Qc8 $1 {[#]} 24. Bf1 (24. fxe5 Qh3 25. Bf1 (25. Bd3 Qf3+) (25. Bd1 Qf1+) (25.
Rg1 Rbg8 26. Rxg6 (26. Rbb1 Qxe3 27. Rxg6 Rxg6 28. exf6 Qf2 29. Bd3 Qf3+) 26...
Rxg6) 25... Qxe3) 24... Nxc4 $1 {Fritz 18'} 25. Bxc4 Qh3 {Weiß muss Qf3
abwehren. Nach 26.Qe2 kommt Nxe4 mit den Drohungen Ng3 und Nxc3.} 26. Rf1 Qxe3
27. Qd3 Qxe4+ 28. Qxe4 Nxe4 29. Bd3 f5 30. Bxe4 fxe4 {Hecht: Nach Abtausch
vieler Bauern T+Einzelbauer (h) vs T+verbundene Freibauern (a+b) mit wT hinter
dem eigenen Freibauern aber passivem wK; Mattfinale} 31. Re2 {Weiß konnte das
Matt vermeiden, landete aber in einem schlechten Endspiel. Ein Mehrbauer
reicht in diesem Turmendspiel zum Gewinn.} a6 (31... e6 $6 {Hecht} 32. dxe6
Rxe6 33. f5 Re5 34. f6 d5 35. f7 Rf8 36. Rg2 $18 {8.Reihe!}) 32. Rxe4 Rg7 33.
a4 Ka7 34. Rfe1 Rf8 35. a5 Rff7 36. R1e3 Rg4 {Weiß hat nicht nur einen Bauern
weniger, sondern auch Schwachpunkte in seiner Stellung.} 37. Rxe7 Rxe7 38. Rxe7
Rxf4 39. Re6 Rc4 40. Rxd6 Rxc3 41. Rh6 Rd3 42. Rxh5 c4 43. Rh4 c3 44. Rc4 Rxd5
45. Rxc3 Rxa5 {[#]} 46. h4 Rh5 47. Rh3 b5 48. Kg2 Kb6 49. Kf3 a5 50. Ke2 (50.
Kg4 Rh8 51. h5 a4 52. h6 a3 53. Kg5 b4 54. Kg6 a2 55. Rh1 b3 $19) 50... b4 51.
Kd2 Kb5 52. Kc2 a4 53. Kb2 Rf5 54. h5 (54. Rh2 {Hecht} a3+ 55. Kb3 Rf3+ 56. Ka2
Ka4 $19) 54... a3+ 55. Kb1 (55. Kb3 {Hecht} Rf2 $19) 55... Rf1+ 56. Ka2 {
Fritz: mate in 10} Ka4 57. Rh4 Rf2+ 58. Ka1 a2 59. h6 Ka3 0-1

[Event "Hoogovens"]
[Site "Wijk aan Zee"]
[Date "1998.01.30"]
[Round "12"]
[White "Adams, Michael"]
[Black "Topalov, Veselin"]
[Result "1-0"]
[WhiteElo "2670"]
[BlackElo "2740"]
[Annotator "Har Zvi,R"]
[PlyCount "77"]
[EventDate "1998.01.16"]
[EventType "tourn"]
[EventRounds "13"]
[EventCountry "NED"]
[EventCategory "17"]
[SourceTitle "CBM 063"]
[Source "ChessBase"]
[SourceDate "1998.03.26"]
[SourceVersion "1"]
[SourceVersionDate "1998.03.26"]
[SourceQuality "1"]

1. e4 c5 2. Nf3 d6 3. d4 cxd4 4. Qxd4 Bd7 5. c4 Nc6 6. Qd2 g6 7. Be2 (7. Nc3
Bh6 8. Qd1 Bg7 9. Bd2 Nf6 10. Be2 O-O 11. O-O Bg4 12. Rc1 Nd7 13. Ng5 (13. h3
Bxf3 14. Bxf3 Nd4 15. Be2 a6 16. Bd3 Ne5 17. Be3 Nxd3 18. Qxd3 Nc6 $11 {
/+/= 1/2-1/2 Lutikov,A-Zuckerman,B/Polanica Zdroj 1972/MCL 05 (28)}) 13... Bxe2
14. Qxe2 Nd4 15. Qd1 h6 16. Nf3 Nxf3+ 17. Qxf3 a6 18. Qe2 Kh7 19. b3 Rc8 20.
Qe3 $14 {1-0 Vasiukov,E-Ermenkov,E/Polanica Zdroj 1972/MCL 05 (40)}) (7. b3 Bg7
8. Bb2 (8. Nc3 Nf6 9. Bb2 Bg4 10. Be2 O-O 11. h3 Bxf3 12. Bxf3 Nd7 13. O-O (13.
Nd5 Bxb2 14. Qxb2 e6 15. Nc3 Nde5 $15) 13... Qa5 14. Rab1 Rfd8 15. Rfc1 $6 (15.
Rfd1 a6) 15... a6 16. a3 Bf6 $5 17. Bg4 (17. b4 {Ftacnik} Qg5) 17... e6 18. b4
Qg5 $1 $132 {0-1 Polgar,J-Topalov,V/Dos Hermanas 1996/CBM 53/[Ftacnik] (36)} (
18... Qc7 19. Nd5 (19. f4 $5) 19... exd5 20. cxd5 Bxb2 21. Rxb2)) 8... Bxb2 9.
Qxb2 Nf6 10. Nc3 O-O (10... Bg4 11. Nd2 O-O 12. h3 Bd7 13. Nd5 e5 14. Ne3 Nd4
15. Nc2 Ne6 16. Qc3 Bc6 17. f3 a6 18. a4 a5 19. g4 h5 $17 {0-1 Ciocaltea,
V-Quinteros,M/Vidmar mem 1973/EXT 97 (41)}) 11. Be2 Bg4 12. Nd2 Bxe2 13. Nxe2
a6 14. O-O b5 15. Nc3 b4 16. Nd5 Nd7 17. Nf3 {1/2-1/2 Savon,V-Bronstein,D/
URS-ch39 1971/URS-ch}) 7... Bg7 8. O-O Bg4 (8... Nf6 9. Nc3 O-O 10. Rb1 a6 11.
b3 Qa5 (11... Rb8 12. a4 Bg4 13. h3 Bxf3 14. Bxf3 Nd7 15. Bb2 Qa5 16. Qe3 Bd4
17. Qc1 e6 18. Ne2 Bxb2 19. Qxb2 $11 {0-1 Galego,L-Khalifman,A/Sevilla op 1993/
TD 93\03 (66)}) 12. Bb2 Rfc8 13. Rfd1 Bg4 14. Qe3 Nd7 15. Nd5 Bxb2 16. Rxb2
Bxf3 17. Bxf3 e6 18. Nc3 Rd8 19. Rbd2 $16 {1-0 Anand,V-Kasparov,G/Moscow
PCA-GP rapid 1995/EXP 46 (27)}) 9. Nc3 Nf6 10. Rb1 O-O 11. b3 Nd7 12. Bb2 Nc5
$6 {the knight on "c5" does not stand good at all,since in some position black
will have problems to play Qa5 because white is may play "b4",I like the
normal play,Qa5-Rfc8-a6 and one day I am going to take on "f3" and play b5} (
12... Qa5 $5) 13. Rfd1 a6 14. Qe3 Bxf3 (14... Qa5 $5) 15. Bxf3 $14 e6 $6 {
[%csl Rd6] I do not like move at all,just creating a big big weakness for all
the game,I mean the "d6" pawn,just look at the game Anand-Kasparov mentioned
above,even the world strongest player had terrible problems in this position}
16. g3 Qc7 17. Bg2 Rfd8 18. Ne2 $1 {a good move,after the exchange of the
bishops white will be able to double his rooks on the "d" file quickly,another
factor is the weakening of black's king,the "f6" square} Bxb2 19. Rxb2 Rac8 20.
Nc3 $14 {white's plan now is very simple,double the rooks on the "d" file and
then starting to play on the king's side with h4-h5,the problem is that black
does really has counter play,and in order the get some he weakens his position
alot} Qa5 {I know this is bad,but I can not say what is good,since I can not
any active plan for black at all, maybe doing nothing is the best?} 21. Rbd2 b5
$6 {black must have some counter-play but by trying to get one,he makes the
end much closer since he weakeness his position so much} 22. cxb5 axb5 {
this is almost symetrical to the game Anand-Kasparov just look!} 23. Bf1 $1 Na7
(23... b4 24. Nb5 Nb7 25. Qf4 {[%csl Rd6]} (25. Qe2 e5)) 24. Rxd6 Rxd6 25. Rxd6
b4 (25... Nxb3 26. axb3 Rxc3 27. Qg5 $1 Rc8 (27... Qc7 28. e5 $1 {[%cal Gd6d8,
Gg5f6]} Rf3 29. Be2) 28. Qe7 Rf8 29. Rd7 Nc6 30. Qc5 $16) 26. Na4 Nb5 (26...
Nxa4 27. bxa4 $16 (27. Ra6 Qc5)) 27. Bxb5 Qxb5 28. Nb6 $1 Rb8 29. Nc4 $16 {/+-}
Na4 (29... Nd7 30. Qd4) 30. Qd3 Nc3 (30... Nc5 31. Rd8+ (31. Qd4) 31... Rxd8
32. Qxd8+ Kg7 33. Nd6 Nb7 (33... Qd7 34. Qb6 $18 {[%csl Rc5]}) (33... Qd3 34.
Qe7 $18) 34. Nxb5 Nxd8 35. f4 $18) 31. a4 $1 $18 {creating a pass pawn} Qg5 32.
Kg2 {there is nothing more to annotate} Qc1 33. a5 Qa1 34. a6 Rf8 35. Ne5 Ne2
36. Qxe2 Qxe5 37. Qd3 Qa5 38. Qc4 h5 39. h4 {probably time trouble but any way
the game is over here.this is a very interesting game not because of the why
white or black played here but just because I almost gave to variations here,
the reason is quite simple there is almost nothing to analyse here,no big
variation,just small advantage with clear plans,and very very easy to play
with white if black gives you what he must not give!} 1-0

[Event "Dortmund SuperGM 26th"]
[Site "Dortmund"]
[Date "1998.07.03"]
[Round "7"]
[White "Adams, Michael"]
[Black "Anand, Viswanathan"]
[Result "1-0"]
[WhiteElo "2670"]
[BlackElo "2770"]
[Annotator "Bangiev,A"]
[PlyCount "113"]
[EventDate "1998.06.26"]
[EventType "tourn"]
[EventRounds "9"]
[EventCountry "GER"]
[EventCategory "18"]
[SourceTitle "CBM 066"]
[Source "ChessBase"]
[SourceDate "1998.09.30"]
[SourceVersion "1"]
[SourceVersionDate "1998.09.30"]
[SourceQuality "1"]

1. e4 c5 2. Nc3 Nc6 3. g3 g6 4. Bg2 Bg7 5. d3 d6 6. Be3 Rb8 7. Qd2 b5 8. Nge2
Nd4 $1 {Bangiev: Der Springer g8 soll den Läufertausch durch Be3-h6 vorhindern.
} 9. O-O b4 10. Nd1 Nxe2+ $5 {Ein seltener, jedoch ein logischer Plan.
Häufiger ist} (10... e6 11. f4 Ne7 {z.B.} 12. g4 f5 13. gxf5 exf5 14. Ng3 Qa5
15. e5 dxe5 16. fxe5 O-O 17. c3 bxc3 18. bxc3 Ne6 19. Bh6 Ba6 20. Bxg7 Kxg7 21.
Nf2 Rfd8 22. Rad1 Nd5 23. Bxd5 Rxd5 24. Nh3 Rxd3 25. Qg2 Kh8 26. Rxd3 Bxd3 27.
Qd5 Qb6 28. Nf4 c4+ 29. Kg2 Bxf1+ {0-1 Huber,G-Kudrin,S/US-op 1997/EXP 58}) 11.
Qxe2 Nf6 $1 {Der Läufertausch durch Bh6 kommt nun nicht Zustande.} (11... e6
12. Qd2 Ne7 13. d4 Qc7 14. c3 Ba6 15. Re1 bxc3 16. Nxc3 Rb4 17. dxc5 dxc5 18.
a3 Rb8 19. Na4 c4 20. Nc5 Bc8 21. Rab1 Rb5 22. b4 cxb3 23. Nxb3 O-O 24. a4 Rb8
25. Rec1 Nc6 26. Qc2 Bd7 27. Nd4 Rxb1 28. Qxb1 Bxd4 29. Bxd4 e5 30. Be3 Rb8 31.
Qd3 Qd8 32. Qd6 Be8 33. Rxc6 Bxc6 34. Qxc6 Rb1+ 35. Bf1 Qd3 36. Qe8+ Kg7 37.
Qxe5+ Kg8 38. Qb8+ Kg7 39. Bd4+ {1-0 Bezold,M-Fischer/Wiesbaden op 1990/GER 02}
) 12. a3 (12. h3 {/\Qd2,Bh6} O-O 13. Qd2 Bb7 14. Bh6 c4 15. Bxg7 Kxg7 16. Ne3
cxd3 17. cxd3 Qb6 18. Kh2 Qd4 19. Nc2 Qxb2 20. Rfb1 Qc3 21. Qxc3 bxc3 22. e5
Nd5 23. Rxb7 Rxb7 24. Bxd5 Rb2 25. Rc1 dxe5 26. Kg2 Rd8 27. Bc4 e4 28. d4 e5
29. d5 f5 30. Kf1 f4 31. gxf4 exf4 32. Nd4 Kf6 33. Rxc3 Rb1+ 34. Kg2 g5 35. Ra3
Rd7 36. Ra6+ Rb6 37. Rxb6+ axb6 38. Nc6 h5 39. a4 g4 40. h4 Rg7 41. Nd4 Ke5 42.
Nc6+ Kd6 43. Nd4 Ke5 44. Nc6+ {1/2-1/2 Moors,H-Marian,R/BL8586 1986/BL 80}) (
12. Qd2 $2 Ng4) 12... a5 (12... bxa3 $5 13. Rxa3 Qc7 14. b3 $14) 13. axb4 cxb4
$1 {Die Pointe der schwarzen Idee.} (13... axb4 14. e5 $16) 14. Bd2 $5 {
/\Ne3-c4; Ra2,Rfa1 -> Pa5} (14. e5 $5 dxe5 15. Ba7 Bg4 (15... Nd7 16. Bxb8 Nxb8
$44) 16. f3 (16. Bc6+ Kf8 17. f3 Rc8) 16... Ra8 17. Bc5 Bf5 18. Qxe5 (18. f4 $6
Rc8 $132) 18... b3 $5) 14... Nd7 $1 15. Ra2 (15. Ne3 $2 Bxb2) 15... O-O 16. Ne3
Nc5 17. b3 {/\Nc4} (17. Rfa1 a4 18. Nc4 Be6 $36) (17. Nc4 $5 a4 18. Be3 Ba6 $13
) 17... Ba6 $8 18. Nc4 a4 $5 (18... Bxc4 19. dxc4 (19. bxc4 a4 20. Rb1 b3 21.
cxb3 Rxb3 $132) 19... Qc7 20. Be3 {/\Qd2,Bd4,Rfa1 -> Pa5}) 19. bxa4 b3 $1 20.
Ra3 (20. cxb3 Rxb3 $132) 20... Bxc4 (20... bxc2 21. Be3 (21. Ba5 Qc8 22. Qxc2
Nxd3 $17) 21... Qc8 22. Bxc5 Bxc4 $1 (22... Qxc5 23. Ra2 $14) 23. Be3 (23. dxc4
Rb2 $17) 23... Bb2 24. dxc4 Bxa3 25. Qxc2 $15) 21. dxc4 Bb2 22. Rxb3 Nxb3 23.
cxb3 Rxb3 24. Rb1 Qc7 $2 (24... Rb8 $1 25. Bg5 (25. c5 $2 dxc5 26. Bf4 Be5 $17)
25... Bf6 $15) 25. Bc1 $14 Bxc1 26. Rxb3 Rb8 (26... Rc8 27. Bf1 Ra8 28. Qd1 Bh6
29. Rb4 Bg7 30. Qd5 $14) 27. Rxb8+ Qxb8 28. c5 dxc5 29. a5 Bb2 30. a6 Bd4 31.
Bf1 c4 $1 (31... h5 32. Qb5 (32. Qa2 Qa7 33. Bc4 e6 34. Qb3 $14) 32... Qxb5 33.
Bxb5 c4 34. Bxc4 g5 35. h4 $16) 32. Qxc4 Qb2 33. Qe2 Qc3 34. Kg2 Bb6 35. Qa2
Qd4 36. Qc2 e6 37. Bb5 h6 38. Qe2 Qc5 39. Qb2 g5 $6 (39... e5 40. h4) 40. Bd3
g4 41. Qf6 h5 42. Qf4 Kf8 43. e5 Qd5+ 44. Be4 Qd4 45. Qh6+ Ke7 46. Qf6+ Kf8 47.
Bc6 {/\Qh8} Kg8 $8 48. h4 {/\Be8} (48. Be8 $2 Qe4+ $11) 48... gxh3+ (48... Qc5
49. Be4 $5 (49. Be8 Qc7 50. Kh2 Ba7 $14 (50... Kf8 $2 51. Qh8+ Ke7 52. Bxf7 $18
)) 49... Ba7 $1 $14 (49... Qd4 $2 50. Qg5+ Kf8 51. Qh6+ Ke7 (51... Ke8 52. Bc6+
Kd8 53. Qf6+ Kc7 54. Be8 $18) 52. Qf6+ Kf8 53. Bg6 $18)) 49. Kxh3 Qa1 (49...
Qxf2 50. Qxf2 (50. Qg5+ Kf8 51. Qh6+ Ke7) 50... Bxf2 51. Kh4 Kg7 52. Kxh5 f6
53. exf6+ Kxf6 54. g4 Bb6 55. g5+ Kg7 56. Be4 $18) 50. Kg2 $18 Qc1 (50... Qxa6
51. Qg5+ Kf8 52. Qh6+ Kg8 53. Be4 $18) 51. Bf3 h4 52. gxh4 Qc5 53. Bh5 Qc6+ 54.
Qf3 Qc7 55. Qb7 Qxb7+ 56. axb7 Bc7 57. f4 1-0

[Event "Tilburg Fontys"]
[Site "Tilburg"]
[Date "1998.10.28"]
[Round "5"]
[White "Adams, Michael"]
[Black "Svidler, Peter"]
[Result "1-0"]
[WhiteElo "2715"]
[BlackElo "2710"]
[Annotator "Ftacnik,L"]
[PlyCount "87"]
[EventDate "1998.10.23"]
[EventType "tourn"]
[EventRounds "11"]
[EventCountry "NED"]
[EventCategory "18"]
[SourceTitle "EXT 1999"]
[Source "ChessBase"]
[SourceDate "1998.11.16"]
[SourceVersion "1"]
[SourceVersionDate "1998.11.16"]
[SourceQuality "1"]

1. e4 c5 2. Nf3 d6 3. d4 cxd4 4. Nxd4 Nf6 5. Nc3 a6 6. Be3 e5 7. Nb3 Be6 8. f3
Nbd7 9. g4 b5 10. g5 Nh5 11. Qd2 Nb6 12. Nd5 Nxd5 (12... Bxd5 13. exd5 Rc8 14.
Na5 Nxd5 (14... Qc7 15. Bh3 Ra8 16. Bg4 g6 17. Bxh5 gxh5 18. O-O-O Bg7 19. Bxb6
Qxb6 20. Rde1 O-O {0-1 Fierro Baquero,M-Buervenich,S/WchJW-U20/1994/ (35)}) 15.
Nb7 Nxe3 16. Nxd8 Nxc2+ 17. Kd1 Nxa1 18. Nxf7 Kxf7 19. Qd5+ Ke8 20. Qb7 Rd8 21.
Qxa6 Be7 22. Bxb5+ {1-0 Garcia Carbo,M-Gallego,V/Pontevedra2/1992/ (30)}) 13.
exd5 Bd7 14. Na5 (14. Rg1 Be7 15. O-O-O O-O 16. Nc5 Bf5 17. Ne4 Rc8 18. h4 Qd7
19. Bd3 Rc7 20. f4 exf4 21. Bxf4 Bxe4 22. Bxe4 Rc4 23. Rde1 Nxf4 24. Qxf4 {
1-0 Ionica,I-Iwaniuk,D/EU-chJW U16/1996/ (29)}) 14... Rc8 (14... Be7 15. O-O-O
O-O 16. Rg1 (16. Bd3 f5 17. gxf6 Bxf6 18. Be4 g6 19. Rdg1 Bg7 20. h4 Bf5 {
0-1 Dolgener,T-Armas,I/Dortmund op/1988/ (42)}) 16... Qc7 17. Kb1 g6 18. h4
Rab8 19. Be2 b4 20. Nc6 Bxc6 21. dxc6 Qxc6 22. f4 Nxf4 23. Bxf4 exf4 24. Qxf4
Rfc8 25. Bd3 Bf8 {1/2-1/2 Lukin,A-Spassov,L/Plovdiv/1984/ (39)}) 15. O-O-O Be7
16. Kb1 O-O 17. c4 $1 {Both knights are at the edge, but white is supporting
pawn break and also aims at sensitive square c6. Black one is more displaced
and has much less future.} Nf4 (17... bxc4 18. Bxc4 Nf4 19. h4 $14) 18. h4 Re8
19. Bxf4 exf4 20. Nc6 Qb6 (20... Bxc6 21. dxc6 Rxc6 (21... bxc4 $2 22. Bxc4
Rxc6 23. Bxf7+ $1) 22. cxb5 Rb6 23. bxa6 $16) 21. cxb5 axb5 22. Qxf4 $1 (22.
Nxe7+ $6 Rxe7 23. Qxf4 Re5 $44) 22... Bxc6 23. dxc6 Rxc6 24. Bd3 {[%mdl 128]
The whole difference for players lays in the position of their bishops. White
is ready to attack on the kingside while black needs many moves just to create
any threat on the opposite part of the board.} Rc5 (24... g6 $2 25. h5 $1 d5 (
25... Rf8 26. hxg6 fxg6 27. Qh4 h5 28. Qe4 $18) 26. hxg6 fxg6 27. Rxh7 $18) 25.
Rhe1 (25. Bxh7+ $5 Kxh7 26. Qxf7 Qd8 27. Rhe1 d5 $2 (27... Qd7 28. Re6 Kh8 29.
h5 Rf8 30. Qxe7 Qxe7 31. Rxe7 Rxg5 32. Rxd6 $16) 28. Qh5+ Kg8 29. g6 $18) 25...
Qc7 26. Qe4 (26. Bxh7+ $5 Kxh7 27. Qxf7 Qd7 28. Re6 Kh8 29. h5 $16) 26... g6
27. f4 Qd7 (27... d5 28. Qe3 b4 29. h5 $40) 28. h5 Rcc8 (28... d5 29. Qe2 b4
30. hxg6 fxg6 31. f5 gxf5 32. Qh5 $16) 29. Qd5 Rc5 30. Qe4 Rcc8 31. hxg6 hxg6 (
31... fxg6 $2 32. Qd5+ Kh8 33. Bxb5 $18) 32. f5 $1 {If white succeeds in
opening the kings protection his task will be much easier.} (32. Qd4 Bf8 33.
Rxe8 Rxe8 34. Qd5 Qe6 35. Qxb5 $16) 32... Bxg5 (32... Qxf5 $2 33. Qxf5 gxf5 34.
Bxb5 $18) 33. Qg2 Rxe1 34. Rxe1 Qe7 35. Qg1 $1 (35. Rxe7 $4 Rc1#) 35... Qf6 36.
Rf1 Qe7 (36... Qd8 37. fxg6 fxg6 38. Bxg6 Rc7 39. Bf5 $16) 37. Re1 $138 (37.
fxg6 $16) 37... Qf6 38. Rf1 Qe7 39. fxg6 fxg6 40. Bxg6 {The material balance
is restored, but only one king fools around naked.} Kg7 (40... Rf8 41. Re1 Qf6
42. Bd3 b4 43. Qg4 $18) 41. Bf5 (41. Rf7+ Qxf7 42. Bxf7 Rc1+ 43. Qxc1 Bxc1 44.
Be8 $14) 41... Rf8 (41... Rc5 42. Qh1 Kg8 43. Bc2 $18) 42. Qg4 Qe3 (42... Qf6
43. Bd3 Qxf1+ 44. Bxf1 Rxf1+ 45. Kc2 $18) 43. a3 Rh8 44. Bc2 (44. Bc2 Rf8 45.
Rg1 Kh6 46. Rh1+ Kg7 47. Qd7+ $18) 1-0

[Event "Tilburg Fontys"]
[Site "Tilburg"]
[Date "1998.11.02"]
[Round "9"]
[White "Adams, Michael"]
[Black "Topalov, Veselin"]
[Result "1-0"]
[WhiteElo "2715"]
[BlackElo "2700"]
[PlyCount "121"]
[EventDate "1998.10.23"]
[EventType "tourn"]
[EventRounds "11"]
[EventCountry "NED"]
[EventCategory "18"]
[SourceTitle "EXT 1999"]
[Source "ChessBase"]
[SourceDate "1998.11.16"]
[SourceVersion "1"]
[SourceVersionDate "1998.11.16"]
[SourceQuality "1"]

1. e4 c5 2. Nc3 e6 3. Nf3 a6 4. d4 cxd4 5. Nxd4 b5 6. Bd3 Bb7 7. O-O Qb6 8. Nf3
Qc7 9. Re1 Bc5 10. e5 f5 11. exf6 Nxf6 12. Ne4 Bxe4 13. Bxe4 Nc6 14. Bxc6 Qxc6
15. Ne5 Qc7 16. Bf4 O-O 17. Bg3 Qb7 18. Qe2 Bb6 19. Kh1 Rac8 20. Rad1 Nd5 21.
c3 Ba7 22. Rd2 a5 23. Qe4 a4 24. a3 Bb8 25. f3 Bxe5 26. Bxe5 Qc6 27. Bd4 Rce8
28. h3 Rf4 29. Qe5 Rf7 30. Qg3 h6 31. Re4 Kh7 32. Rg4 Rg8 33. Qe1 Rf5 34. Qb1
Ne7 35. Re2 Qb7 36. Rf4 Kh8 37. Rh4 Kh7 38. Kg1 Qc7 39. Re5 g6 40. Re2 Rxf3 41.
Qe4 Rf5 42. Rxh6+ Kxh6 43. Qh4+ Rh5 44. Qxe7 Qd8 45. Be3+ g5 46. Qb4 Qe8 47.
Qxb5 d5 48. Qb4 Kh7 49. Bd4 Qd7 50. b3 axb3 51. Qxb3 g4 52. Qb1+ Rf5 53. hxg4
Rxg4 54. Rb2 Qd6 55. Rb7+ Kh6 56. Rb6 Rxg2+ 57. Kxg2 Rg5+ 58. Kf1 Qf4+ 59. Ke1
Qh4+ 60. Kd1 Qh3 61. Kc2 1-0